| Registos Bibliográficos associados ao registo de autoridade |
|
Etiqueta de registo: 00254nam 2200025 450 001 2284337 003 http://id.bnportugal.gov.pt/bib/catbnp/2284337 100 ## $a20260414d2025 k y0pory01030103ba 101 0# $apor$deng 102 ## $aPT 105 ## $aa m 000yy 106 ## $ar 200 1# $aLiteracia em saúde na população angolana$eanálise do inquérito de indicadores múltiplos e de saúde de 2015-2016$fNeida Neto Vicente Ramos$gorient. Maria do Rosário Oliveira Martins, Inês Fronteira 210 #9 $a[S.l.$cs.n.],$d2025 215 ## $aXII, 278 p.$cil.$d30 cm 300 ## $aAcesso não autorizado por um período de 2 anos 328 #1 $aTese dout. Doenças Tropicais e Saúde Global, Instituto de Higiene e Medicina Tropical,
Universidade Nova de Lisboa, 2025 700 #1 $aRamos,$bNeida Neto Vicente$31995638 702 #1 $aMartins,$bMaria do Rosário Fraga de Oliveira$4727$31181591 702 #1 $aFronteira,$bInês,$f1978-$4727$31160719 801 #0 $aPT$bBN$gRPC 966 ## $lBN$mFGMON$x1 971 ## $cisantos$d20260414
|
|
|